000 00495nam a22001697a 4500
005 20251108165937.0
008 250721s9999 xx 000 0 ara d
082 1 4 _aط/385/وسا
245 1 0 _aوسائل النقل و الإنتقال /
264 1 _aبيروت :
_bدار شهرزاد،
_c[19-].
300 _a24ص.
490 0 _aسلسلة علوم ومعارف
650 1 7 _aالنقل
653 _aمرحلة ناشئون صغار(10-14) سنة
942 _2ddc
_cBK
999 _c35478
_d35478